[Event "25. Open Pula 2011"]
[Site "Pula CRO"]
[Date "2011.06.20"]
[Round "3.10"]
[White "Uwira, Oliver"]
[Black "Kovacevic, Blazimir"]
[Result "0-1"]
[WhiteElo "2249"]
[BlackElo "2474"]
[PlyCount "90"]
[EventDate "2011.06.18"]
[EventType "swiss"]
[EventRounds "9"]
[EventCountry "CRO"]
[Source "lmi"]
[SourceDate "2011.06.18"]

1. d4 e6 2. c4 f5 3. g3 Nf6 4. Bg2 Be7 5. Nf3 O-O 6. O-O d6 7. Nc3 Ne4 8. Bd2
Bf6 9. Qc2 Nxd2 10. Qxd2 Nc6 11. Rad1 e5 12. Nd5 e4 13. Nxf6+ Qxf6 14. Ne1 Ne7
15. f3 exf3 16. Bxf3 c6 17. Ng2 Ng6 18. e3 Bd7 19. b4 Nh8 20. e4 fxe4 21. Bxe4
Qe7 22. Rfe1 Qf6 23. d5 Nf7 24. Rf1 Qe7 25. Rde1 Ne5 26. Nf4 Rae8 27. dxc6 bxc6
28. b5 cxb5 29. cxb5 Kh8 30. a4 Bg4 31. Kg2 Qd7 32. h3 Bf5 33. Bxf5 Rxf5 34. g4
Rff8 35. Rxe5 Rxe5 36. Ng6+ hxg6 37. Rxf8+ Kh7 38. Qf2 Qb7+ 39. Kg1 Qe7 40. Rf7
Re1+ 41. Kg2 Qe4+ 42. Kg3 Re3+ 43. Kh4 Kh6 44. Rf6 gxf6 45. Qxf6 Qe7 0-1

[Event "25. Open Pula 2011"]
[Site "Pula CRO"]
[Date "2011.06.20"]
[Round "3.11"]
[White "Doric, Darko"]
[Black "Schneider, Veronika"]
[Result "1/2-1/2"]
[WhiteElo "2456"]
[BlackElo "2251"]
[PlyCount "59"]
[EventDate "2011.06.18"]
[EventType "swiss"]
[EventRounds "9"]
[EventCountry "CRO"]
[Source "lmi"]
[SourceDate "2011.06.18"]

1. d4 Nf6 2. c4 g6 3. f3 d5 4. cxd5 Nxd5 5. e4 Nb6 6. Nc3 Bg7 7. Be3 O-O 8. Qd2
Be6 9. h4 Bc4 10. Nge2 Nc6 11. b3 Nb4 12. Kf2 Ba6 13. Rd1 f5 14. Nf4 Qd7 15.
Bxa6 Nxa6 16. e5 c6 17. g3 Nc7 18. h5 Kf7 19. Nh3 Ne6 20. Bh6 Rg8 21. Ng5+ Nxg5
22. hxg6+ hxg6 23. Qxg5 Nd5 24. Bxg7 Nxc3 25. e6+ Qxe6 26. Rde1 Ne4+ 27. fxe4
Rxg7 28. e5 Rd8 29. Rh4 a5 30. Re2 1/2-1/2

[Event "25. Open Pula 2011"]
[Site "Pula CRO"]
[Date "2011.06.20"]
[Round "3.13"]
[White "Genocchio, Daniele"]
[Black "Tomazini, Zan"]
[Result "0-1"]
[WhiteElo "2431"]
[BlackElo "2250"]
[PlyCount "58"]
[EventDate "2011.06.18"]
[EventType "swiss"]
[EventRounds "9"]
[EventCountry "CRO"]
[Source "lmi"]
[SourceDate "2011.06.18"]

1. c4 Nf6 2. Nc3 g6 3. d4 Bg7 4. e4 d6 5. h3 O-O 6. Be3 e5 7. d5 a5 8. Nf3 Na6
9. g4 Nc5 10. Nd2 c6 11. Be2 a4 12. Bxc5 dxc5 13. Nxa4 Qa5 14. Nc3 Bh6 15. Qc2
Bd7 16. Rg1 Bf4 17. Nb3 Qb4 18. a3 Qb6 19. Nc1 cxd5 20. cxd5 Qa5 21. Nb3 Qc7
22. d6 Qc6 23. Bb5 Qc8 24. Bxd7 Qxd7 25. g5 Nh5 26. Nd5 Qxh3 27. Nxf4 Nxf4 28.
Qc3 Qh5 29. Nc1 Ra4 0-1

[Event "25. Open Pula 2011"]
[Site "Pula CRO"]
[Date "2011.06.20"]
[Round "3.14"]
[White "Srebrnic, Vojko"]
[Black "Zelbel, Patrick"]
[Result "1/2-1/2"]
[WhiteElo "2227"]
[BlackElo "2428"]
[PlyCount "60"]
[EventDate "2011.06.18"]
[EventType "swiss"]
[EventRounds "9"]
[EventCountry "CRO"]
[Source "lmi"]
[SourceDate "2011.06.18"]

1. e4 c5 2. Nc3 d6 3. f4 g6 4. Nf3 Bg7 5. Bb5+ Bd7 6. Bxd7+ Qxd7 7. O-O Nc6 8.
d3 Nh6 9. h3 f5 10. Bd2 e6 11. Qe2 O-O 12. Nd1 fxe4 13. dxe4 d5 14. c3 dxe4 15.
Qxe4 e5 16. Nf2 exf4 17. Bxf4 Rae8 18. Qc4+ Qf7 19. Qxf7+ Rxf7 20. Bxh6 Bxh6
21. Ng4 Bg7 22. Rfe1 Rfe7 23. Rxe7 Rxe7 24. Re1 Rxe1+ 25. Nxe1 c4 26. Kf2 Kf7
27. Ke3 b5 28. Nc2 a5 29. Ke4 Ke6 30. Na3 b4 1/2-1/2

[Event "25. Open Pula 2011"]
[Site "Pula CRO"]
[Date "2011.06.20"]
[Round "3.16"]
[White "Valli, Frans"]
[Black "Mencinger, Vojko"]
[Result "0-1"]
[WhiteElo "2223"]
[BlackElo "2399"]
[PlyCount "64"]
[EventDate "2011.06.18"]
[EventType "swiss"]
[EventRounds "9"]
[EventCountry "CRO"]
[Source "lmi"]
[SourceDate "2011.06.18"]

1. e4 c5 2. Nf3 d6 3. d4 cxd4 4. Nxd4 Nf6 5. Nc3 a6 6. Be3 e6 7. f3 b5 8. g4
Nfd7 9. Qd2 Nb6 10. O-O-O Bb7 11. Kb1 N8d7 12. Qf2 Rc8 13. Nce2 Qc7 14. Ng3 Nc5
15. Bd3 Nc4 16. Bc1 Be7 17. f4 O-O 18. f5 d5 19. Bxc4 dxc4 20. Rhe1 e5 21. Nf3
Rfd8 22. Rxd8+ Rxd8 23. g5 Bf8 24. h4 b4 25. h5 a5 26. b3 cxb3 27. axb3 a4 28.
Bb2 axb3 29. Bxe5 Qa5 30. Bd4 Qa2+ 31. Kc1 Rxd4 32. Qxd4 Qxc2# 0-1

[Event "25. Open Pula 2011"]
[Site "Pula CRO"]
[Date "2011.06.20"]
[Round "3.17"]
[White "Skytte, Rasmus"]
[Black "Borkovec, Milan"]
[Result "1-0"]
[WhiteElo "2399"]
[BlackElo "2211"]
[PlyCount "43"]
[EventDate "2011.06.18"]
[EventType "swiss"]
[EventRounds "9"]
[EventCountry "CRO"]
[Source "lmi"]
[SourceDate "2011.06.18"]

1. e4 e5 2. Bc4 Nf6 3. d3 Nc6 4. Nc3 Bc5 5. f4 d5 6. Bxd5 Nd4 7. fxe5 Bg4 8.
Qd2 Nxd5 9. Nxd5 c6 10. Ne3 Qh4+ 11. g3 Qh5 12. Nxg4 Qxg4 13. c3 O-O-O 14. cxd4
Rxd4 15. Qe2 Qd7 16. Be3 Bb4+ 17. Kf2 Rxd3 18. Nf3 Rd8 19. Rac1 Ba5 20. Bg5 f6
21. exf6 h6 22. Rhd1 1-0

[Event "25. Open Pula 2011"]
[Site "Pula CRO"]
[Date "2011.06.20"]
[Round "3.19"]
[White "Loncar, Robert"]
[Black "Vybiral, Zdenek"]
[Result "1-0"]
[WhiteElo "2388"]
[BlackElo "2203"]
[PlyCount "69"]
[EventDate "2011.06.18"]
[EventType "swiss"]
[EventRounds "9"]
[EventCountry "CRO"]
[Source "lmi"]
[SourceDate "2011.06.18"]

1. Nf3 g6 2. d4 Nf6 3. c4 Bg7 4. Nc3 O-O 5. Bg5 c5 6. d5 d6 7. e3 h6 8. Bh4 e6
9. Nd2 a6 10. a4 e5 11. Bd3 Qc7 12. O-O Nh7 13. e4 f5 14. exf5 gxf5 15. f3 Bf6
16. Bf2 Qf7 17. Qc2 Bg5 18. Ne2 a5 19. Ra3 Na6 20. Qd1 b6 21. Bb1 Ra7 22. f4
exf4 23. h4 Bf6 24. Nxf4 Bxb2 25. Rg3+ Bg7 26. Nh5 Qe8 27. Re1 Qd8 28. Qf3 Nf6
29. Nxg7 Rxg7 30. Rxg7+ Kxg7 31. Bxf5 Nc7 32. Qg3+ Kh8 33. Bxc8 Qxc8 34. Qxd6
Ng4 35. Bg3 1-0

[Event "25. Open Pula 2011"]
[Site "Pula CRO"]
[Date "2011.06.20"]
[Round "3.22"]
[White "Mihalinec, Damir"]
[Black "Biti, Ozren"]
[Result "0-1"]
[WhiteElo "2202"]
[BlackElo "2378"]
[PlyCount "40"]
[EventDate "2011.06.18"]
[EventType "swiss"]
[EventRounds "9"]
[EventCountry "CRO"]
[Source "lmi"]
[SourceDate "2011.06.18"]

1. c4 e5 2. Nc3 d6 3. g3 f5 4. Bg2 Nf6 5. Nf3 Be7 6. O-O O-O 7. b4 a5 8. b5 Kh8
9. a4 Nbd7 10. Ba3 Rb8 11. Qc2 Qe8 12. d4 e4 13. Nd2 e3 14. fxe3 Ng4 15. Nd5
Bg5 16. Rxf5 Rxf5 17. Qxf5 Bxe3+ 18. Nxe3 Qxe3+ 19. Kf1 Qxd4 20. Nb3 Qxa1+ 0-1

[Event "25. Open Pula 2011"]
[Site "Pula CRO"]
[Date "2011.06.20"]
[Round "3.23"]
[White "Wertjanz, David"]
[Black "Feletar, Darko"]
[Result "0-1"]
[WhiteElo "2197"]
[BlackElo "2377"]
[PlyCount "136"]
[EventDate "2011.06.18"]
[EventType "swiss"]
[EventRounds "9"]
[EventCountry "CRO"]
[Source "lmi"]
[SourceDate "2011.06.18"]

1. e4 c5 2. Nf3 Nc6 3. d4 cxd4 4. Nxd4 Nf6 5. Nc3 d6 6. Bc4 Bd7 7. Nxc6 Bxc6 8.
Qe2 e6 9. Bf4 a6 10. O-O-O Qc7 11. Nd5 Bxd5 12. exd5 e5 13. Bg3 Rc8 14. Bb3 Be7
15. f4 exf4 16. Bxf4 O-O 17. c3 Rfe8 18. Rhe1 Bf8 19. Qd3 g6 20. Kb1 Bg7 21. h3
Nd7 22. Bc2 Ne5 23. Bxe5 Bxe5 24. g4 Qb6 25. Bb3 Qd8 26. Re4 Qg5 27. Bc2 Bg7
28. Rde1 Re5 29. Rxe5 Bxe5 30. Qf3 Rc7 31. Re2 Kg7 32. Rf2 Re7 33. Re2 Qh4 34.
Bd3 Rc7 35. Re3 Qg5 36. Re2 Rc5 37. Bc2 Rc4 38. Re4 Rc5 39. Re2 Qd8 40. Rf2 Rc7
41. Qe4 Rxc3 42. Rxf7+ Kxf7 43. bxc3 Bxc3 44. Qe6+ Kg7 45. Bb3 Be5 46. Kc2 b5
47. Kd3 Qh4 48. Ke2 Kh6 49. Bd1 Qg3 50. Kd2 Qh2+ 51. Be2 Qf4+ 52. Kd1 Qd4+ 53.
Kc2 Qc3+ 54. Kd1 Qa1+ 55. Kd2 Qxa2+ 56. Ke1 Qa1+ 57. Kf2 Qd4+ 58. Kf1 Qf4+ 59.
Kg2 Qg3+ 60. Kf1 Qxh3+ 61. Ke1 Qg3+ 62. Kd1 b4 63. Qf7 b3 64. Qf8+ Bg7 65. g5+
Qxg5 66. Qxd6 Qg1+ 67. Kd2 b2 68. Qf4+ Qg5 0-1

[Event "25. Open Pula 2011"]
[Site "Pula CRO"]
[Date "2011.06.20"]
[Round "3.24"]
[White "Lindgren, Fredrik"]
[Black "Leer Salvesen, Bjarte"]
[Result "0-1"]
[WhiteElo "2195"]
[BlackElo "2365"]
[PlyCount "90"]
[EventDate "2011.06.18"]
[EventType "swiss"]
[EventRounds "9"]
[EventCountry "CRO"]
[Source "lmi"]
[SourceDate "2011.06.18"]

1. e4 e6 2. d4 d5 3. Nc3 Bb4 4. exd5 exd5 5. Bd3 c6 6. Nge2 Ne7 7. Ng3 O-O 8.
O-O Nd7 9. Nce2 Bd6 10. Nf4 Qc7 11. Qf3 Nf6 12. Nfh5 Nxh5 13. Qxh5 f5 14. Bg5
Ng6 15. Bd2 Nf4 16. Bxf4 Bxf4 17. Rfe1 g6 18. Qh4 Bd6 19. Nf1 Qg7 20. c3 Bd7
21. f4 h6 22. Nd2 g5 23. fxg5 hxg5 24. Qh5 Rf6 25. Qe2 g4 26. Nf1 f4 27. g3
Raf8 28. gxf4 Rxf4 29. Qg2 Qf6 30. Re2 Rf3 31. Bc2 c5 32. Bb3 c4 33. Bc2 Kh8
34. Rae1 Qh4 35. Nd2 Rh3 36. Rf1 Rff3 37. Rfe1 Bxh2+ 38. Qxh2 Rfg3+ 39. Kh1
Rxh2+ 40. Rxh2 Rh3 41. Ree2 g3 42. Rxh3 Bxh3 43. Kg1 Qf4 44. a3 Bg4 45. Re8+
Kg7 0-1

[Event "25. Open Pula 2011"]
[Site "Pula CRO"]
[Date "2011.06.20"]
[Round "3.25"]
[White "Szamoskozi, Gabor"]
[Black "Raguz, Dario"]
[Result "0-1"]
[WhiteElo "2355"]
[BlackElo "2196"]
[PlyCount "118"]
[EventDate "2011.06.18"]
[EventType "swiss"]
[EventRounds "9"]
[EventCountry "CRO"]
[Source "lmi"]
[SourceDate "2011.06.18"]

1. e4 c6 2. d4 d5 3. Nd2 dxe4 4. Nxe4 Nd7 5. Ng5 Ngf6 6. Bd3 e6 7. Qe2 Bd6 8.
N1f3 h6 9. Ne4 Nxe4 10. Qxe4 Qc7 11. Bd2 b6 12. O-O Bb7 13. Qh4 Nf6 14. Rfe1
O-O-O 15. Ne5 g5 16. Qh3 c5 17. Bc3 Bxe5 18. dxe5 Nd5 19. Be4 Nf4 20. Qf3 Bxe4
21. Qxe4 Rd5 22. g3 Ng6 23. Rad1 Rhd8 24. Rxd5 Rxd5 25. a4 Qd7 26. b3 Kd8 27.
h3 Rd1 28. Kh2 Rxe1 29. Qxe1 Qd5 30. Qe2 Ke7 31. a5 Kf8 32. a6 Kg7 33. Bb2 Ne7
34. c4 Qd7 35. Bc3 Qc8 36. Qf3 Qxa6 37. Qf6+ Kf8 38. Qxh6+ Ke8 39. Qxg5 Qa2 40.
Bd2 Qxb3 41. Qf6 Qxc4 42. Bg5 Nc6 43. Qh8+ Kd7 44. Qg7 Nd4 45. Qxf7+ Kc6 46.
Qe8+ Kd5 47. Qa8+ Kxe5 48. Bf4+ Kf5 49. Qb7 Qd5 50. Qh7+ Kf6 51. h4 Nf3+ 52.
Kh3 Qf5+ 53. Qxf5+ exf5 54. Bb8 a5 55. Ba7 a4 56. Bxb6 a3 57. Ba5 Ng1+ 58. Kg2
Ne2 59. Bd8+ Kf7 0-1

[Event "25. Open Pula 2011"]
[Site "Pula CRO"]
[Date "2011.06.20"]
[Round "3.26"]
[White "Mazi, Leon"]
[Black "Vucinic, Gojko"]
[Result "1/2-1/2"]
[WhiteElo "2353"]
[BlackElo "2074"]
[PlyCount "79"]
[EventDate "2011.06.18"]
[EventType "swiss"]
[EventRounds "9"]
[EventCountry "CRO"]
[Source "lmi"]
[SourceDate "2011.06.18"]

1. e4 c5 2. Nf3 d6 3. d4 cxd4 4. Nxd4 Nf6 5. Nc3 g6 6. Be3 Bg7 7. f3 Nc6 8. Qd2
O-O 9. O-O-O Nxd4 10. Bxd4 Be6 11. Kb1 Qc7 12. h4 Rfc8 13. h5 Qa5 14. hxg6 hxg6
15. a3 Rab8 16. g4 b5 17. Qg5 d5 18. e5 b4 19. axb4 Qxb4 20. Na2 Qa4 21. Rd2
Nd7 22. Qe3 Nxe5 23. Rdh2 Rxb2+ 24. Bxb2 d4 25. Qa3 Qxa3 26. Bxa3 Rb8+ 27. Ka1
Nxf3 28. Bd3 Nxh2 29. Rxh2 Bf6 30. Rg2 Bd5 31. Rg1 e5 32. Nb4 Bf3 33. Rf1 e4
34. Bxe4 d3+ 35. Ka2 Bxe4 36. Rxf6 dxc2 37. Nxc2 Bxc2 38. Ra6 Bb3+ 39. Ka1 Be6
40. g5 1/2-1/2

[Event "25. Open Pula 2011"]
[Site "Pula CRO"]
[Date "2011.06.20"]
[Round "3.28"]
[White "Blazeka, Matej"]
[Black "Plenca, Julian"]
[Result "1-0"]
[WhiteElo "2191"]
[BlackElo "2339"]
[PlyCount "115"]
[EventDate "2011.06.18"]
[EventType "swiss"]
[EventRounds "9"]
[EventCountry "CRO"]
[Source "lmi"]
[SourceDate "2011.06.18"]

1. e4 c5 2. Nf3 d6 3. d4 cxd4 4. Nxd4 Nf6 5. Nc3 Nc6 6. f3 g6 7. Be3 Bg7 8. Qd2
O-O 9. Bc4 Bd7 10. O-O-O Rb8 11. Bb3 Na5 12. Kb1 b5 13. h4 Nc4 14. Bxc4 bxc4
15. Ka1 Qb6 16. Rb1 Qa6 17. h5 e5 18. Nde2 Be6 19. Bh6 Rb7 20. Ng3 Bxh6 21.
Qxh6 Rc8 22. Nf5 Ne8 23. Ne3 Rc5 24. Ned5 Bxd5 25. exd5 Ra5 26. hxg6 fxg6 27.
Qh3 Rf7 28. Qe6 Nc7 29. Qxf7+ Kxf7 30. Rxh7+ Kg8 31. Rxc7 Rb5 32. Nxb5 Qxb5 33.
Rd1 c3 34. bxc3 Qa5 35. Rc6 Kg7 36. Rd3 Kh6 37. Kb2 Qb5+ 38. Kc1 Qa4 39. Kb2
Qb5+ 40. Kc1 Qa4 41. Kd2 Qf4+ 42. Kd1 Qh2 43. Kc1 a5 44. Kb2 Kg5 45. Rc4 Qg1
46. Rc6 Qa7 47. c4 a4 48. a3 Kf5 49. c5 dxc5 50. d6 Qb7+ 51. Kc1 Qxc6 52. d7 c4
53. Rd2 c3 54. Rd3 Qc5 55. d8=Q Qxa3+ 56. Kd1 Qc5 57. Qd7+ Kg5 58. Qg4+ 1-0

[Event "25. Open Pula 2011"]
[Site "Pula CRO"]
[Date "2011.06.20"]
[Round "3.29"]
[White "Rattinger, Friedrich"]
[Black "Petran, Peter"]
[Result "0-1"]
[WhiteElo "2085"]
[BlackElo "2321"]
[PlyCount "50"]
[EventDate "2011.06.18"]
[EventType "swiss"]
[EventRounds "9"]
[EventCountry "CRO"]
[Source "lmi"]
[SourceDate "2011.06.18"]

1. d4 g6 2. e4 Bg7 3. Nf3 d6 4. Nc3 Nf6 5. Be3 O-O 6. Bd3 Nbd7 7. O-O c6 8. h3
e5 9. a4 Re8 10. Re1 Qc7 11. a5 Nf8 12. dxe5 dxe5 13. Bc4 h6 14. Nh2 Nh5 15.
Qf3 Ne6 16. g4 Nhf4 17. Bxe6 Nxe6 18. Ne2 Rd8 19. c3 c5 20. b4 Rd3 21. Rec1 Bd7
22. Nf1 Bc6 23. Nfg3 Rad8 24. Rab1 a6 25. Kg2 Ng5 0-1

[Event "25. Open Pula 2011"]
[Site "Pula CRO"]
[Date "2011.06.20"]
[Round "3.30"]
[White "Crnkovic, Zdravko"]
[Black "Zvan, Ziga"]
[Result "0-1"]
[WhiteElo "2058"]
[BlackElo "2298"]
[PlyCount "46"]
[EventDate "2011.06.18"]
[EventType "swiss"]
[EventRounds "9"]
[EventCountry "CRO"]
[Source "lmi"]
[SourceDate "2011.06.18"]

1. e4 e5 2. d3 Bc5 3. c3 Nc6 4. Na3 d5 5. exd5 Qxd5 6. Nc2 Be6 7. Ne3 Qd7 8.
Nf3 h6 9. b4 Bd6 10. Be2 f5 11. O-O Nf6 12. Nc4 Bxc4 13. dxc4 e4 14. Nd4 Be5
15. Bh5+ Kf8 16. Be3 g5 17. Nxc6 Qxc6 18. Be2 Bxc3 19. Rb1 f4 20. b5 Qe6 21.
Qc2 Be5 22. Bd2 f3 23. Bd1 Qg4 0-1

[Event "25. Open Pula 2011"]
[Site "Pula CRO"]
[Date "2011.06.21"]
[Round "4.2"]
[White "Zelcic, Robert"]
[Black "Loncar, Robert"]
[Result "1-0"]
[WhiteElo "2557"]
[BlackElo "2388"]
[PlyCount "45"]
[EventDate "2011.06.18"]
[EventType "swiss"]
[EventRounds "9"]
[EventCountry "CRO"]
[Source "lmi"]
[SourceDate "2011.06.18"]

1. e4 c5 2. Nf3 e6 3. d4 cxd4 4. Nxd4 Nf6 5. Nc3 d6 6. Be2 Be7 7. O-O Nc6 8.
Kh1 O-O 9. f4 e5 10. Nb3 exf4 11. Bxf4 Be6 12. Nd4 Ne5 13. Qe1 Re8 14. Rd1 Qb6
15. Qg3 Ng6 16. Nxe6 fxe6 17. Bxd6 Bxd6 18. Rxd6 Qxb2 19. Rb1 Qxc2 20. Bd1 Nxe4
21. Bxc2 Nxg3+ 22. hxg3 Nf8 23. Rxb7 1-0

[Event "25. Open Pula 2011"]
[Site "Pula CRO"]
[Date "2011.06.21"]
[Round "4.3"]
[White "Bodiroga, Predrag"]
[Black "Jovanovic, Zoran"]
[Result "1/2-1/2"]
[WhiteElo "2384"]
[BlackElo "2553"]
[PlyCount "43"]
[EventDate "2011.06.18"]
[EventType "swiss"]
[EventRounds "9"]
[EventCountry "CRO"]
[Source "lmi"]
[SourceDate "2011.06.18"]

1. d4 d6 2. Nf3 Nf6 3. c4 g6 4. Nc3 Bg7 5. e4 O-O 6. h3 e5 7. d5 a5 8. g4 Nfd7
9. Rg1 Kh8 10. Be3 Na6 11. a3 Qe8 12. Nd2 f5 13. gxf5 gxf5 14. exf5 Nf6 15.
Nde4 Nxe4 16. Nxe4 Bxf5 17. Bd3 b6 18. Qe2 Nc5 19. Nxc5 bxc5 20. Bxf5 Rxf5 21.
O-O-O Qh5 22. Qg4 1/2-1/2

[Event "25. Open Pula 2011"]
[Site "Pula CRO"]
[Date "2011.06.21"]
[Round "4.4"]
[White "Popovic, Dusan"]
[Black "Franic, Milan"]
[Result "1/2-1/2"]
[WhiteElo "2553"]
[BlackElo "2381"]
[PlyCount "71"]
[EventDate "2011.06.18"]
[EventType "swiss"]
[EventRounds "9"]
[EventCountry "CRO"]
[Source "lmi"]
[SourceDate "2011.06.18"]

1. e4 e6 2. d4 d5 3. Nd2 Nf6 4. e5 Nfd7 5. Bd3 b6 6. Ne2 c5 7. c3 Ba6 8. Bxa6
Nxa6 9. Nf4 b5 10. O-O Nb6 11. Nh5 Qd7 12. b3 O-O-O 13. dxc5 Nxc5 14. Nf3 Kb7
15. Be3 Rc8 16. Nd2 Qc6 17. Bd4 Ncd7 18. a4 bxa4 19. bxa4 g6 20. a5 Nc4 21.
Nxc4 Qxc4 22. Nf4 Nc5 23. Qf3 Ne4 24. Nxd5 exd5 25. e6 f6 26. Bxf6 Nxf6 27.
Qxf6 Bc5 28. Qf7+ Rc7 29. Rab1+ Kc8 30. e7 Rxe7 31. Qf6 Rd8 32. Qc6+ Rc7 33.
Qe6+ Rcd7 34. Qc6+ Rc7 35. Qe6+ Rcd7 36. Qc6+ 1/2-1/2

[Event "25. Open Pula 2011"]
[Site "Pula CRO"]
[Date "2011.06.21"]
[Round "4.5"]
[White "Biti, Ozren"]
[Black "Kuljasevic, Davorin"]
[Result "1/2-1/2"]
[WhiteElo "2378"]
[BlackElo "2537"]
[PlyCount "45"]
[EventDate "2011.06.18"]
[EventType "swiss"]
[EventRounds "9"]
[EventCountry "CRO"]
[Source "lmi"]
[SourceDate "2011.06.18"]

1. e4 c5 2. Nc3 a6 3. f4 b5 4. d4 cxd4 5. Qxd4 Nc6 6. Qf2 e6 7. Bd3 Bb7 8. Nf3
Nb4 9. O-O Nf6 10. a3 Nxd3 11. cxd3 d5 12. e5 d4 13. Ne2 Ng4 14. Qg3 h5 15. h3
Nh6 16. Nfxd4 h4 17. Qf2 g6 18. Be3 Nf5 19. Rac1 Be7 20. Rfd1 Qd7 21. Rc2 Nxe3
22. Qxe3 O-O 23. Nf3 1/2-1/2

[Event "25. Open Pula 2011"]
[Site "Pula CRO"]
[Date "2011.06.21"]
[Round "4.6"]
[White "Saric, Ante"]
[Black "Feletar, Darko"]
[Result "1/2-1/2"]
[WhiteElo "2489"]
[BlackElo "2377"]
[PlyCount "65"]
[EventDate "2011.06.18"]
[EventType "swiss"]
[EventRounds "9"]
[EventCountry "CRO"]
[Source "lmi"]
[SourceDate "2011.06.18"]

1. d4 Nf6 2. c4 e6 3. Nf3 c5 4. e3 cxd4 5. exd4 d5 6. Nc3 Nc6 7. cxd5 Nxd5 8.
Bd3 Bb4 9. Bd2 O-O 10. O-O Nf6 11. Bg5 Be7 12. Re1 b6 13. a3 Bb7 14. Bc2 Ba6
15. Qd2 Qd6 16. Bxf6 Bxf6 17. Ne4 Qd8 18. Nxf6+ Qxf6 19. Bxh7+ Kxh7 20. Qc2+
Kg8 21. Qxc6 Rfc8 22. Qe4 Bc4 23. Rac1 Bd5 24. Qe5 Bxf3 25. Qxf6 gxf6 26. Rc7
Rd8 27. gxf3 Rxd4 28. Rec1 Rd2 29. Rb7 Rxb2 30. Rcc7 Rf8 31. Rxa7 Kg7 32. Rcb7
f5 33. Ra6 1/2-1/2

[Event "25. Open Pula 2011"]
[Site "Pula CRO"]
[Date "2011.06.21"]
[Round "4.7"]
[White "Leer Salvesen, Bjarte"]
[Black "Tratar, Marko"]
[Result "0-1"]
[WhiteElo "2365"]
[BlackElo "2489"]
[PlyCount "178"]
[EventDate "2011.06.18"]
[EventType "swiss"]
[EventRounds "9"]
[EventCountry "CRO"]
[Source "lmi"]
[SourceDate "2011.06.18"]

1. c4 e5 2. g3 Nf6 3. Bg2 h6 4. a3 c6 5. e4 Bc5 6. Ne2 a5 7. O-O d6 8. Nbc3 O-O
9. h3 Be6 10. b3 d5 11. exd5 cxd5 12. d4 Bxd4 13. Nxd4 exd4 14. Qxd4 Nc6 15.
Qh4 dxc4 16. Rd1 Nd7 17. bxc4 Qxh4 18. gxh4 Nde5 19. c5 Bb3 20. Rd6 Rad8 21.
Bf4 Nc4 22. Rxd8 Rxd8 23. Nb5 Ba4 24. Nd6 Nxd6 25. Bxd6 Bb3 26. a4 Rd7 27. h5
Nb4 28. Re1 Bd5 29. Re8+ Kh7 30. Bf1 Bc6 31. Ra8 b6 32. Bb5 bxc5 33. Bxc6 Nxc6
34. Bxc5 Rd5 35. Be3 Rxh5 36. Kg2 Rf5 37. Ra6 Nb8 38. Ra7 Nc6 39. Ra6 Nb4 40.
Ra7 Nd5 41. Bd2 Nb6 42. Bxa5 Nxa4 43. Bd2 Nb6 44. Rb7 Nc4 45. Bc1 Kg6 46. Rc7
Ne5 47. Be3 Nf3 48. Rc6+ f6 49. Kg3 Ne5 50. Rc7 Nf7 51. Rc4 h5 52. Ra4 Rd5 53.
Rc4 Nd6 54. Rc7 Nf5+ 55. Kf4 Rd1 56. Ba7 Rd3 57. Be3 Rd1 58. Ba7 Ra1 59. Bb6
Rh1 60. Rc3 Ne7 61. Rg3+ Kf7 62. Rd3 Ng6+ 63. Kf5 Re1 64. Be3 Rb1 65. Rd7+ Ne7+
66. Ke4 Ke6 67. Ra7 Rb4+ 68. Kf3 Nf5 69. Bc5 Rc4 70. Bf8 Rc3+ 71. Kg2 g5 72.
Bb4 Rb3 73. Ra6+ Kf7 74. Bc5 Rc3 75. Ba3 Nh4+ 76. Kh2 Nf3+ 77. Kg2 Ne1+ 78. Kf1
Nd3 79. Kg1 Rc2 80. f3 Ne5 81. f4 Nf3+ 82. Kf1 g4 83. hxg4 hxg4 84. f5 g3 85.
Ra7+ Kg8 86. Ra8+ Kh7 87. Ra7+ Kh6 88. Bf8+ Kh5 89. Rg7 Rf2# 0-1

[Event "25. Open Pula 2011"]
[Site "Pula CRO"]
[Date "2011.06.21"]
[Round "4.8"]
[White "Drazic, Sinisa"]
[Black "Aguera Naredo, Javier"]
[Result "1-0"]
[WhiteElo "2486"]
[BlackElo "2353"]
[PlyCount "91"]
[EventDate "2011.06.18"]
[EventType "swiss"]
[EventRounds "9"]
[EventCountry "CRO"]
[Source "lmi"]
[SourceDate "2011.06.18"]

1. Nf3 Nf6 2. c4 g6 3. Nc3 Bg7 4. d4 O-O 5. Bf4 c5 6. d5 d6 7. h3 Qa5 8. Bd2 e6
9. e4 exd5 10. exd5 Qb6 11. Be2 Bf5 12. g4 Be4 13. g5 Bxf3 14. Bxf3 Re8+ 15.
Kf1 Nfd7 16. h4 Na6 17. h5 Re7 18. Qc2 Rae8 19. a3 Nc7 20. Re1 Ne5 21. Be2 Qa6
22. Rh4 b5 23. cxb5 Qb7 24. f4 Nd7 25. f5 Nxd5 26. hxg6 hxg6 27. f6 N5xf6 28.
gxf6 Nxf6 29. Qd3 d5 30. Bf3 c4 31. Qc2 Qd7 32. Rxe7 Rxe7 33. Ne2 Qxb5 34. Bc3
Re3 35. Bg2 Ne4 36. Bxg7 Kxg7 37. Bxe4 dxe4 38. Qd2 Qb6 39. Ke1 c3 40. bxc3
Qb1+ 41. Qd1 Qd3 42. Qd2 Qb1+ 43. Qd1 Qd3 44. c4 Qxc4 45. Qd2 Rf3 46. Qd8 1-0

[Event "25. Open Pula 2011"]
[Site "Pula CRO"]
[Date "2011.06.21"]
[Round "4.9"]
[White "Kovacevic, Blazimir"]
[Black "Petran, Peter"]
[Result "1-0"]
[WhiteElo "2474"]
[BlackElo "2321"]
[PlyCount "79"]
[EventDate "2011.06.18"]
[EventType "swiss"]
[EventRounds "9"]
[EventCountry "CRO"]
[Source "lmi"]
[SourceDate "2011.06.18"]

1. d4 g6 2. Nf3 Bg7 3. c4 d6 4. Nc3 Bg4 5. e3 Nf6 6. Be2 O-O 7. h3 Bd7 8. O-O
c5 9. d5 e5 10. e4 Nh5 11. Re1 Nf4 12. Bf1 Bc8 13. Kh2 Nd7 14. g3 Nh5 15. Rb1
Nhf6 16. Bg5 h6 17. Bd2 Kh7 18. Nh4 Ng8 19. Bd3 a6 20. Qe2 Rb8 21. a3 b6 22. b4
Ra8 23. Na4 Ngf6 24. Ng2 Ne8 25. f4 exf4 26. gxf4 Nc7 27. bxc5 bxc5 28. Ba5 Ra7
29. e5 Nxe5 30. fxe5 Bxe5+ 31. Kg1 Bxh3 32. Bc3 Bxc3 33. Nxc3 Bxg2 34. Qxg2 Ne8
35. Re3 Nf6 36. Rf1 h5 37. Qg5 Ng8 38. Rxf7+ Raxf7 39. Qxg6+ Kh8 40. Qxh5+ 1-0

[Event "25. Open Pula 2011"]
[Site "Pula CRO"]
[Date "2011.06.21"]
[Round "4.10"]
[White "Fercec, Nenad"]
[Black "Zvan, Ziga"]
[Result "1-0"]
[WhiteElo "2453"]
[BlackElo "2298"]
[PlyCount "119"]
[EventDate "2011.06.18"]
[EventType "swiss"]
[EventRounds "9"]
[EventCountry "CRO"]
[Source "lmi"]
[SourceDate "2011.06.18"]

1. e4 e5 2. Nf3 Nc6 3. d4 exd4 4. Nxd4 Bc5 5. Nb3 Bb4+ 6. Bd2 Bxd2+ 7. Qxd2 Nf6
8. Nc3 O-O 9. O-O-O a5 10. a3 d6 11. f3 Be6 12. Nd4 Nxd4 13. Qxd4 Nd7 14. f4 f5
15. Bc4 Bxc4 16. Qxc4+ Kh8 17. e5 dxe5 18. Qe6 Nc5 19. Qxe5 Nd7 20. Qb5 Rf7 21.
Qxb7 Rb8 22. Qc6 Rb6 23. Qa4 Qc8 24. Rhe1 Nf6 25. Nd5 Rb8 26. Nxf6 Rxf6 27. Qd7
Qb7 28. Re8+ Rf8 29. Rxf8+ Rxf8 30. Qe7 Qa8 31. b3 h6 32. a4 Re8 33. Qxc7 Qxg2
34. Qxa5 Qe4 35. Qd2 Kh7 36. Qd4 Qe2 37. Rg1 Re7 38. Qd3 Qe6 39. Rd1 Qf6 40.
Qd6 Re6 41. Qd4 Qe7 42. Kb2 Re4 43. Qd6 Qh4 44. a5 Qxh2 45. a6 Re2 46. Qc7 Qh4
47. a7 Qf6+ 48. Qc3 Qf8 49. Rd7 Re8 50. Qd4 h5 51. Qd6 Qxd6 52. Rxd6 Ra8 53.
Ra6 h4 54. b4 h3 55. Ra3 Kg6 56. Rxh3 Rxa7 57. b5 Kf6 58. c4 Ke6 59. Rd3 Ra4
60. b6 1-0